000 00821nam a2200265 i 4500
001 56294
003 ES-MaACL
005 20230906163326.0
007 t|
008 031007s1986 sp a d 00110 spa d
020 _a84-7525-381-4
080 _a910.1(038)
245 0 0 _aDiccionario de geografía /
_credactado por Rafael Puyol Antolín ... [et al.] ; [prólogo de J. Vila Valentí].
250 _a1ª ed.
260 _aMadrid :
_bAnaya,
_c1986.
300 _aXIV, 478 p. :
_bil. ;
_c21 cm.
490 1 _aDiccionarios monográficos
500 _aApéndices, p. 405-478.
650 4 _aGeografía-
_vDiccionarios.
_913071
700 1 _aPuyol, Rafael.
_994451
700 1 _aVilá Valentí, Juan.
_9114743
830 1 _aDiccionarios monográficos
_9182579
852 4 _aES-MaACL
_jL-11903
999 _c56294
_d56294